Economic blockade (Record no. 373503)

000 -LEADER
fixed length control field 00421cam a22001337a 4500
008 - FIXED-LENGTH DATA ELEMENTS--GENERAL INFORMATION
fixed length control field 180718b1952-1959 xxu||||| |||| 00| 0 eng d
082 ## - DEWEY DECIMAL CLASSIFICATION NUMBER
Classification number D32x42 M469
100 ## - MAIN ENTRY--PERSONAL NAME
Personal name Medlicott, W.N.
245 ## - TITLE STATEMENT
Title Economic blockade
Statement of responsibility, etc. by W.N. Medlicott
260 ## - PUBLICATION, DISTRIBUTION, ETC.
Place of publication, distribution, etc. London
Name of publisher, distributor, etc. HMSO, and Longmans
Date of publication, distribution, etc. 1952-1959
300 ## - PHYSICAL DESCRIPTION
Extent 2v.
500 ## - GENERAL NOTE
General note History of the Second World War, U.K. Civil Series, 85/-
650 ## - SUBJECT ADDED ENTRY--TOPICAL TERM
Topical term or geographic name entry element World War, 1939-45 - Blockades
Holdings
Withdrawn status Lost status Damaged status Not for loan Permanent Location Current Location Date acquired Full call number Barcode Date last seen Price effective from Koha item type
        Indian Institute of Public Administration Indian Institute of Public Administration 2009-10-06 D32x42 M469 19057 2018-07-21 2018-07-21 Book
        Indian Institute of Public Administration Indian Institute of Public Administration 2009-10-06 D32x42 M469 1735 2018-07-21 2018-07-21 Book

Powered by Koha